书目信息 |
| 题名: |
遇见唐宋八大家
|
|
| 作者: | 司马一民 编著 | |
| 分册: | ||
| 出版信息: | 杭州 浙江教育出版社 2024.02 |
|
| 页数: | 213页 | |
| 开本: | 24cm | |
| 丛书名: | ||
| 单 册: | ||
| 中图分类: | I206.42 | |
| 科图分类: | ||
| 主题词: | 唐宋八大家--古典文学研究 | |
| 电子资源: | ||
| ISBN: | 978-7-5722-7110-6 | |
| 000 | 00884nam0 2200229 450 | |
| 001 | 012920478 | |
| 005 | 20251022105014.04 | |
| 010 | @a978-7-5722-7110-6@dCNY78.00 | |
| 100 | @a20240515d2024 em y0chiy0120 ea | |
| 101 | 0 | @achi |
| 102 | @aCN@b330000 | |
| 105 | @aa z 000yd | |
| 106 | @ar | |
| 200 | 1 | @a遇见唐宋八大家@9yu jian tang song ba da jia@f司马一民编著 |
| 210 | @a杭州@c浙江教育出版社@d2024.02 | |
| 215 | @a213页@c图,彩照@d24cm | |
| 330 | @a本书围绕千年历史文化,从唐宋八大家的诗文着眼,进行选篇与解读,呈现了唐宋八大家的形象,使读者了解八位文人的方方面面,触摸他们真实的灵魂,并通过他们的文华墨彩,了解中国古代文学的发展脉络,领略唐风宋韵的别样风采,感受中国优秀传统文化的根脉。 | |
| 606 | 0 | @a唐宋八大家@x古典文学研究 |
| 690 | @aI206.42@v5 | |
| 701 | 0 | @a司马一民@9si ma yi min@4编著 |
| 801 | 0 | @aCN@c20250910 |
| 905 | @a河南城建学院图书馆@dI206.42@eS701@ZS701@f1 | |
| 遇见唐宋八大家/司马一民编著.-杭州:浙江教育出版社,2024.02 |
| 213页:图,彩照;24cm |
| ISBN 978-7-5722-7110-6:CNY78.00 |
| 本书围绕千年历史文化,从唐宋八大家的诗文着眼,进行选篇与解读,呈现了唐宋八大家的形象,使读者了解八位文人的方方面面,触摸他们真实的灵魂,并通过他们的文华墨彩,了解中国古代文学的发展脉络,领略唐风宋韵的别样风采,感受中国优秀传统文化的根脉。 |
| ● |
| 相关链接 |
|
|
|
正题名:遇见唐宋八大家
索取号:I206.42/S701
 
预约/预借
| 序号 | 登录号 | 条形码 | 馆藏地/架位号 | 状态 | 备注 |
| 1 | 1635135 | 216351356 | 文学库108/ [索取号:I206.42/S701] | 在馆 |